Elements of Chemical Engineering / (Record no. 28255)

MARC details
000 -LEADER
campo de control de longitud fija 00745nam a2200217 i 4500
001 - NÚMERO DE CONTROL
campo de control 28255
003 - IDENTIFICADOR DE NÚMERO DE CONTROL
campo de control ES-MaACL
007 - CAMPO FIJO DE DESCRIPCIÓN FÍSICA--INFORMACIÓN GENERAL
campo de control de longitud fija t|
008 - DATOS DE LONGITUD FIJA--INFORMACIÓN GENERAL
campo de control de longitud fija 030116s1936 xxu ||||1| eng d
100 1# - ENTRADA PRINCIPAL--NOMBRE DE PERSONA
Nombre de persona Badger, Walter L.
9 (RLIN) 24531
245 10 - MENCIÓN DEL TÍTULO
Título Elements of Chemical Engineering /
Mención de responsabilidad, etc. by Walter L. Badger and Warren L. Mc Cabe ; with an introduction by Arthur D. Little.
250 ## - MENCION DE EDICION
Mención de edición 2nd ed., 6th imp.
260 ## - PUBLICACIÓN, DISTRIBUCIÓN, ETC.
Lugar de publicación, distribución, etc. New York, etc. :
Nombre del editor, distribuidor, etc. McGraw-Hill Book Co.,
Fecha de publicación, distribución, etc. 1936.
300 ## - DESCRIPCIÓN FÍSICA
Extensión XVII, 660 p. :
Otras características físicas il., gráf. pleg. ;
Dimensiones 24 cm.
490 1# - MENCIÓN DE SERIE
Mención de serie Chemical Engineering series
700 1# - ENTRADA AGREGADA--NOMBRE PERSONAL
Nombre de persona McCabe, L.
9 (RLIN) 79523
700 1# - ENTRADA AGREGADA--NOMBRE PERSONAL
Nombre de persona Little, Arthur.
9 (RLIN) 72576
830 0# - PUNTO DE ACCESO ADICIONAL DE SERIE-TÍTULO UNIFORME
Título uniforme Chemical Engineering series
9 (RLIN) 229254
852 ## - LOCALIZACIÓN
Ubicación ES-MaACL
Número de control de estantería E-351
Sublocalización o colección R.26490
Holdings
Estatus retirado Estado de pérdida Estado de daño No para préstamo Biblioteca de origen Biblioteca actual Ubicación en estantería Fecha de adquisición Fuente de adquisición Total de préstamos Signatura topográfica completa Código de barras Visto por última vez Precio de reemplazo Tipo de ítem Koha
        Biblioteca del Ateneo de Madrid Biblioteca del Ateneo de Madrid Depósito 2 17/01/2008     E-351 1029168 23/02/2023 23/02/2023 Libro impreso